Impossible Hamilton Quiz - Statistics

General Stats
  • This quiz has been taken 428 times
  • The average score is 2 of 11
Answer Stats
Hint Answer % Correct
Who does Hamilton truly love Alexander Hamilton
99%
Who says, 'reports of my fame are greatly exaggerated' Lin Manuel-Miranda
62%
When does Hamilton die 1801
6%
When is Hamilton set 18th Century
4%
Whose life inspired the musical George Washington
2%
Who killed Hamilton The Bullet
2%
How many actors are in Hamilton at least 5
0%
True or False: Hamilton is completely based on a real person False, Lin Manuel Miranda took artistic liberties while writing the musical.
0%
Who is the most well-known person to have played Hamilton Javier Munoz
0%
Who are the ORIGINAL three Heathers John Laurens, Laffayette, Herculese MULLIGAN
0%
Who is George Washington's most famous descendant MATTY B RAPS
0%
No matching quizzes found
Score Distribution
Percent of People with Each Score
Percentile by Number Answered
Your Score History
You have not taken this quiz